000 00333 a2200109 4500
001 ART_40069
005 20260410161842.0
008 260409a
245 1 0 _aLa sanción de la Ley de Ética para la función pública
100 1 _aCaputi, María Claudia
773 0 _tRAP
_g- Año 22, Nº 260 (may. 2000)
_wREV5941
999 _c24182
_d24182